The myth of rescue [elektronický zdroj] : why the democracies could not have saved more Jews from the Nazis / William D. Rubinstein.
Record details
- Physical Description: xxx, 267 p. : maps.
- Publisher: London ; Routledge, 1997
Content descriptions
| Bibliography, etc. Note: | Obsahuje bibliografické odkazy a rejstřík |
| Reproduction Note: | Elektronická reprodukce. Palo Alto, Calif. : ebrary, 2009. |
Available copies
- 1 of 1 copy available at Common Catalog SPOK.
Holds
- 0 current holds with 1 total copy.
Show Only Available Copies
| Location | Call Number / Copy Notes | Barcode | Shelving Location | Status | Due Date |
|---|---|---|---|---|---|
| Terezin Initiative Institute | 5536 | 4594305536 | Knihovna ITI | Available | - |
Electronic resources
| LDR | 01415nam a2200361 a 4500 | ||
|---|---|---|---|
| 001 | 27927 | ||
| 003 | CZ-PrJAB | ||
| 005 | 20221122053515.0 | ||
| 006 | m u | ||
| 008 | 970804s1997 xxkb grb 001 0 eng d | ||
| 020 | . | ‡z0-203-02641-1 | |
| 020 | . | ‡z0-415-12455-7 | |
| 035 | . | ‡a(CONS)2749 | |
| 035 | . | ‡a(CZ PrSKC)ebr10054573 | |
| 040 | . | ‡aCaPaEBR ‡bcze ‡dABA001 | |
| 100 | 1 | . | ‡aRubinstein, W. D. |
| 245 | 1 | 4. | ‡aThe myth of rescue ‡h[elektronický zdroj] : ‡bwhy the democracies could not have saved more Jews from the Nazis / ‡cWilliam D. Rubinstein. |
| 260 | . | ‡aLondon ; ‡aNew York : ‡bRoutledge, ‡c1997 | |
| 300 | . | ‡axxx, 267 p. : ‡bmaps. | |
| 504 | . | ‡aObsahuje bibliografické odkazy a rejstřík | |
| 533 | . | ‡aElektronická reprodukce. ‡bPalo Alto, Calif. : ‡cebrary, ‡d2009. | |
| 710 | 2 | . | ‡aebrary, Inc. ‡7kn20081114008 |
| 856 | 4 | 0. | ‡uhttp://site.ebrary.com/lib/natl/Doc?id=10054573 ‡yPlný text - pro registrované uživatele NK ČR ‡4N |
| 852 | 4 | . | ‡bJACH-ITI ‡bJACH-ITI ‡cKnihovna ITI ‡j5536 ‡p5536 ‡y$0.00 |
| 910 | . | ‡aABE340 ‡b5536 | |
| 995 | . | ‡askok | |
| 901 | . | ‡a27927 ‡bSystem ‡c27927 ‡tbiblio | |